Programming in C (Record no. 754)

MARC details
000 -LEADER
Fixed length control field 00495nam a22001937a 4500
003 - CONTROL NUMBER IDENTIFIER
Control field SEACOMEC
005 - DATE AND TIME OF LATEST TRANSACTION
Control field 20240312130548.0
008 - FIXED-LENGTH DATA ELEMENTS--GENERAL INFORMATION
Fixed length control field 240312b |||||||| |||| 00| 0 eng d
020 ## - INTERNATIONAL STANDARD BOOK NUMBER / ISBN
International Standard Book Number 978-8188429462
Price 125/-
040 ## - CATALOGING SOURCE
Original cataloging agency SEACOMEC
041 ## - LANGUAGE CODE
Language code English
082 ## - DEWEY DECIMAL CLASSIFICATION NUMBER
Classification number 005.133
Book Number R165
100 ## - MAIN ENTRY--PERSONAL NAME
Personal name Ramaswamy, S.
245 ## - TITLE STATEMENT
Title Programming in C
Statement of responsibility / S. Ramaswamy
260 ## - IMPRINT
Place of publication Chennai
Name of publisher Scitch Publications
Date of publication 2005
650 ## - SUBJECT ADDED ENTRY--TOPICAL TERM
Topical term COMPUTER PROGRAMMING
700 ## - ADDED ENTRY--PERSONAL NAME
Personal name Radhaganesan, P
942 ## - ADDED ENTRY ELEMENTS (KOHA)
Koha item type Books
Holdings
Withdrawn status Lost status Source of classification Damaged status Not for loan Home library Current library Date acquired Total Checkouts Call number Accession number Date last seen Price effective from Koha item type Copy number
    Dewey Decimal Classification     SEACOM ENGINEERING COLLEGE SEACOM ENGINEERING COLLEGE 20/07/2006   005.133 R165 3932 12/03/2024 12/03/2024 Books  
    Dewey Decimal Classification     SEACOM ENGINEERING COLLEGE SEACOM ENGINEERING COLLEGE 20/07/2006   005.133 R165 3933 12/03/2024 12/03/2024 Books 1
    Dewey Decimal Classification     SEACOM ENGINEERING COLLEGE SEACOM ENGINEERING COLLEGE 20/03/2007   005.133 R165 6459 06/08/2024 06/08/2024 Books 2
© Seacom Engineering College, All rights reserved.      Powered by Koha